000 06954nam a22005537a 4500
005 20120328125929.0
010 _aB-475797-821
020 _a8183220436
_c50.00
035 _aB-475797-821
037 _bब्लूबेरी बुक्स
082 _a
100 _aब्लाइटन, एनिड
_951874
245 _aसीक्रेट 7 पीछा करो /
_cएनिड ब्लाइटन;सुधीर दीक्षित एवं रजनी दीक्षित द्वारा अनुदित;शिवेश श्रीवास्तव द्वारा संपादित
260 _aभोपाल
_bमंजुल पब्लिशिंग हाउस
_c2006
270 _a10, निशांत कालोनी
_bभोपाल
_e462003
_k91 755 4240340
_l91 755 2736919
300 _a134पृ
_c17सेमी (अजिल्द)
490 _aसीक्रेट 7 ;4
_951875
700 _aदीक्षित, सुधीर
_942649
700 _aदीक्षित, रजनी
_942650
710 _aश्रीवास्तव, शिवेश
_944438
942 _2ddc
_cCH
_h
_mब्लाइट
999 _c64474
_d64474